banner-ar

تاسيس ميتافيزيقا الاخلاق / (Record no. 47532)

MARC details
000 -الفاتح
حقل البيانات ثابتة الطول 00435nam a2200157Ia 4500
005 - وقت وتاريخ اخر تعامل مع التسجيلة
رقم الضبط 20240530104425.0
008 - عناصر البيانات ثابتة الطول - معلومات عامة
حقل البيانات ثابتة الطول 140319s9999 xx 000 0 ara d
040 ## - مصدر الفهرسة
وكالة الفهرسة الأصلية GCL /
وكالة النسخ GCL
082 04 - رقم تصنيف ديوى العشرى
رقم التصنيف 170
رقم المادة ك ت
100 1# - المدخل الرئيسى - إسم شخصى
الإسم الشخصى كانت ، امانويل
245 10 - بيان العنوان
العنوان تاسيس ميتافيزيقا الاخلاق /
بيان المسئوليه,etc امانويل كانت
300 ## - الوصف المادى
التعداد 139 ص
700 1# - المدخل الاضافى - اسم شخصى
الإسم الشخصى عبدالغفار مكاوى
942 ## - عناصر المدخل الإضافي( كوها)
مصدر التصنيف او مخطط الترفيف Dewey Decimal Classification
Koha [default] item type كتاب
Holdings
حالة التراجع حالة الفقد حالة تلف ليس للاعارة المكان المؤقت الموقع الحالى تاريخ الاكتساب اجمالي اﻻعارات رقم الطلب الباركود تاريخ اخر مشاهدة تاريخ تفعيل السعر نوع وعاء كوها
        مكتبة القاهرة الكبرى مكتبة القاهرة الكبرى 03/26/2014   170\ك ت 114777 03/26/2014 03/26/2014 كتاب
        مكتبة القاهرة الكبرى مكتبة القاهرة الكبرى 03/26/2014   170\ك ت 114778 03/26/2014 03/26/2014 كتاب

Powered By

EGPV